[Event "XIV American Continental"]
[Site "Sao Paulo BRA"]
[Date "2019.07.06"]
[Round "2.53"]
[White "Crocitti, Daniel"]
[Black "De Borba, Guilherme"]
[Result "0-1"]
[WhiteElo "1873"]
[BlackElo "2330"]
[EventDate "2019.07.05"]
[PlyCount "128"]
[EventRounds "11"]
[EventCountry "BRA"]

1.d4 Nf6 2.c4 g6 3.Nc3 d5 4.Nf3 Bg7 5.Qb3 dxc4 6.Qxc4 O-O 7.e4 Bg4 8.Be3 
Nfd7 9.Qb3 Nb6 10.Rd1 Bxf3 11.gxf3 Nc6 12.d5 Ne5 13.Be2 Qd7 14.h4 h5 15.a4
c6 16.Bxb6 axb6 17.dxc6 Qxc6 18.Nd5 Qxa4 19.Nxe7+ Kh7 20.Qxa4 Rxa4 21.Nd5 
Ra2 22.Rd2 Nd7 23.O-O Rxb2 24.Rxb2 Bxb2 25.Rb1 Bd4 26.f4 Kg7 27.Kg2 Bc5 
28.Rb2 Ra8 29.Bb5 Nf8 30.Bd3 Ra3 31.Bc4 Ra4 32.Bd3 Rd4 33.Bb1 Ne6 34.Kf3 
Ra4 35.Kg3 Ra3+ 36.Kg2 Ra4 37.Kg3 Rc4 38.Bd3 Rd4 39.Bb1 Rd1 40.Kg2 Kf8 41.
Nxb6 Nxf4+ 42.Kf3 Ne6 43.Ba2 Rd3+ 44.Ke2 Nf4+ 45.Ke1 Bd4 46.Rb1 Bc3+ 47.
Kf1 Rd2 48.Bc4 Bd4 49.Nd5 Rxf2+ 50.Ke1 Ng2+ 51.Kd1 b6 52.Rb3 Nxh4 53.Nxb6 
Bxb6 54.Rxb6 Rf4 55.Bd5 Ng2 56.Ke2 Kg7 57.Rb7 Nh4 58.Ke3 g5 59.e5 Nf5+ 60.
Ke2 Nd4+ 61.Ke3 Nc2+ 62.Ke2 Rf5 63.e6 Rxd5 64.Rxf7+ Kg6 0-1

[Event "XIV American Continental"]
[Site "Sao Paulo BRA"]
[Date "2019.07.06"]
[Round "2.54"]
[White "Kruger, Israel"]
[Black "Cortes Orihuela, Javier"]
[Result "1-0"]
[WhiteElo "1869"]
[BlackElo "2267"]
[EventDate "2019.07.05"]
[PlyCount "83"]
[EventRounds "11"]
[EventCountry "BRA"]

1.e4 c5 2.Nf3 d6 3.Nc3 a6 4.g3 b5 5.Bg2 Bb7 6.a3 Nf6 7.d3 e6 8.O-O Be7 9.
Bg5 Nbd7 10.Qe2 h6 11.Bd2 Qc7 12.Rae1 Rc8 13.h3 Qb8 14.Nh2 Ne5 15.f4 Nc6 
16.Qd1 Nd4 17.Ne2 Nxe2+ 18.Qxe2 c4 19.Bc3 cxd3 20.cxd3 e5 21.Ng4 Nd7 22.
fxe5 dxe5 23.Qf3 f6 24.Qf5 h5 25.Ne3 Nf8 26.Nd5 Bxd5 27.exd5 g6 28.Qe4 Qd6
29.Kh2 h4 30.g4 Rg8 31.g5 Rxc3 32.gxf6 Bxf6 33.bxc3 Nd7 34.Qb4 Be7 35.Qxd6
Bxd6 36.d4 Kd8 37.Kh1 Kc7 38.Rf7 exd4 39.cxd4 Bxa3 40.Ra1 Bd6 41.Rxa6 Rd8 
42.Rc6+ 1-0

[Event "XIV American Continental"]
[Site "Sao Paulo BRA"]
[Date "2019.07.06"]
[Round "2.55"]
[White "Donoso Diaz, Sebastian"]
[Black "Andreata, Mauro Antonio"]
[Result "1-0"]
[WhiteElo "2239"]
[BlackElo "1648"]
[EventDate "2019.07.05"]
[PlyCount "93"]
[EventRounds "11"]
[EventCountry "BRA"]

1.d4 d5 2.c4 e6 3.Nf3 Nf6 4.g3 Be7 5.Bg2 O-O 6.O-O h6 7.Nc3 c6 8.b3 Nbd7 
9.Qc2 Re8 10.Bb2 a6 11.e4 dxe4 12.Nxe4 Nxe4 13.Qxe4 Nf6 14.Qc2 Qa5 15.Rfe1
Bd7 16.Ne5 Rad8 17.Re2 Qb6 18.Bc3 Bb4 19.c5 Qa5 20.Nc4 Bxc3 21.Nxa5 Bxa1 
22.Nxb7 Bxd4 23.Nxd8 Rxd8 24.Qc4 Bc8 25.Bxc6 e5 26.Kg2 Ng4 27.Bf3 Nf6 28.
c6 g5 29.c7 Rf8 30.Rd2 g4 31.Bc6 Kg7 32.Rxd4 exd4 33.Qxd4 h5 34.Qc5 Nh7 
35.b4 f6 36.a4 Ng5 37.b5 axb5 38.axb5 Ne6 39.Qd6 f5 40.b6 f4 41.b7 Bxb7 
42.Bxb7 f3+ 43.Kf1 Nxc7 44.Qxc7+ Rf7 45.Qe5+ Rf6 46.Bc6 Kg6 47.Be8+ 1-0

[Event "XIV American Continental"]
[Site "Sao Paulo BRA"]
[Date "2019.07.06"]
[Round "2.56"]
[White "Moccero, Eduardo"]
[Black "Martins, Carlos"]
[Result "0-1"]
[WhiteElo "1933"]
[BlackElo "2238"]
[EventDate "2019.07.05"]
[PlyCount "86"]
[EventRounds "11"]
[EventCountry "BRA"]

1.d4 Nf6 2.Nf3 g6 3.c4 Bg7 4.Nc3 O-O 5.Bf4 c5 6.e3 cxd4 7.exd4 d5 8.Rc1 
Nc6 9.Be2 dxc4 10.Bxc4 Na5 11.Be2 Be6 12.O-O Rc8 13.Qa4 a6 14.h3 Nc4 15.b4
Nd5 16.Nxd5 Qxd5 17.Bxc4 Rxc4 18.Rxc4 Qxc4 19.a3 Bxd4 20.Nxd4 Qxd4 21.Be3 
Qe4 22.Bc5 Rd8 23.f3 Qe2 24.Rf2 Qd1+ 25.Qxd1 Rxd1+ 26.Rf1 Rd7 27.a4 f6 28.
Re1 Kf7 29.a5 g5 30.Re4 Bd5 31.Rd4 e5 32.Rd2 Ke6 33.Kf2 h5 34.Bb6 h4 35.
Bc5 f5 36.Be3 Rg7 37.Rc2 g4 38.hxg4 fxg4 39.Rc8 Bc6 40.Rh8 h3 41.fxg4 hxg2
42.g5 Rf7+ 43.Kg3 Rf3+ 0-1

[Event "XIV American Continental"]
[Site "Sao Paulo BRA"]
[Date "2019.07.06"]
[Round "2.57"]
[White "Andrade, Roberto Luiz Costa"]
[Black "Portes Junior, Dirceu Atanazio"]
[Result "1-0"]
[WhiteElo "2123"]
[BlackElo "2019"]
[EventDate "2019.07.05"]
[PlyCount "76"]
[EventRounds "11"]
[EventCountry "BRA"]

1.e4 c5 2.Nf3 Nc6 3.d4 cxd4 4.Nxd4 Nf6 5.Nc3 d6 6.Bg5 e6 7.Qd2 a6 8.O-O-O 
Bd7 9.f4 b5 10.Qe1 Nxd4 11.Rxd4 Qb6 12.Bxf6 gxf6 13.Qd2 h5 14.Be2 b4 15.
Nd1 a5 16.Ne3 Bb5 17.Rd1 Bxe2 18.Qxe2 a4 19.Nc4 Qc5 20.Kb1 Rc8 21.f5 b3 
22.axb3 axb3 23.cxb3 Rc6 24.Rd5 Qb4 25.Rb5 Qxb5 26.Nxd6+ Bxd6 27.Qxb5 Kd7 
28.Rc1 Rc8 29.fxe6+ fxe6 30.Rxc6 Rxc6 31.Qxh5 Be5 32.Qf7+ Kd6 33.h4 Rc7 
34.Qf8+ Kc6 35.h5 Rd7 36.Qc8+ Bc7 37.h6 f5 38.exf5 exf5 1-0

[Event "XIV American Continental"]
[Site "Sao Paulo BRA"]
[Date "2019.07.06"]
[Round "2.58"]
[White "Baeta, Marcio Netto"]
[Black "Balzano, Ivan"]
[Result "1/2-1/2"]
[WhiteElo "1903"]
[BlackElo "2141"]
[EventDate "2019.07.05"]
[PlyCount "43"]
[EventRounds "11"]
[EventCountry "BRA"]

1.d4 Nf6 2.Nf3 e6 3.c4 d5 4.Nc3 dxc4 5.e3 c5 6.Bxc4 Nc6 7.O-O Be7 8.d5 
exd5 9.Nxd5 Nxd5 10.Bxd5 Qb6 11.Nd2 O-O 12.Nc4 Qc7 13.a4 Nb4 14.e4 Be6 15.
Bxe6 fxe6 16.e5 Rad8 17.Qg4 Rf5 18.Bh6 Bg5 19.Bxg5 Rd4 20.Qe2 Rxg5 21.f4 
Rf5 22.Nd6 1/2-1/2

[Event "XIV American Continental"]
[Site "Sao Paulo BRA"]
[Date "2019.07.06"]
[Round "2.59"]
[White "Barreto, Ignacio C. De Barros"]
[Black "Moyses Sobrinho, Elias"]
[Result "0-1"]
[WhiteElo "2101"]
[BlackElo "1906"]
[EventDate "2019.07.05"]
[PlyCount "80"]
[EventRounds "11"]
[EventCountry "BRA"]

1.d4 Nf6 2.Nc3 d5 3.Bg5 e6 4.e4 Be7 5.Bxf6 Bxf6 6.Nf3 h6 7.Bd3 Nc6 8.e5 
Be7 9.a3 Nb8 10.Ne2 c5 11.c3 Nc6 12.b4 cxd4 13.cxd4 Qb6 14.Nc3 a5 15.Na4 
Qa7 16.O-O axb4 17.axb4 Bxb4 18.Nb6 Qxa1 19.Qxa1 Rxa1 20.Rxa1 Kd8 21.Nxc8 
Kxc8 22.Ra8+ Nb8 23.Ra4 Be7 24.Bb5 Kc7 25.Ra8 Rc8 26.Kf1 Nc6 27.Ra1 Kb6 
28.Rb1 Nb4 29.Ba4 Ka5 30.Bd7 Rd8 31.Ra1+ Kb6 32.Ba4 Ra8 33.Ke2 Kc7 34.Rc1+
Nc6 35.Bxc6 bxc6 36.Ne1 Ra2+ 37.Ke3 Bg5+ 38.f4 Ra3+ 39.Nd3 Bxf4+ 40.Kxf4 
Rxd3 0-1

[Event "XIV American Continental"]
[Site "Sao Paulo BRA"]
[Date "2019.07.06"]
[Round "2.60"]
[White "Hirota da Silva, Nilton"]
[Black "Araujo, Sergio Murilo"]
[Result "1/2-1/2"]
[WhiteElo "1881"]
[BlackElo "2090"]
[EventDate "2019.07.05"]
[PlyCount "81"]
[EventRounds "11"]
[EventCountry "BRA"]

1.d4 d5 2.Nf3 Nf6 3.g3 e6 4.Bg2 Bd6 5.O-O Nbd7 6.b3 O-O 7.Bb2 Re8 8.c4 c6 
9.Nc3 b6 10.Nd2 Bb7 11.e4 dxe4 12.Ndxe4 Be7 13.Re1 Qc7 14.Qc2 Rad8 15.Rad1
h6 16.a3 Nxe4 17.Bxe4 Nf6 18.Bg2 a6 19.b4 c5 20.Bxb7 Qxb7 21.dxc5 bxc5 22.
b5 Rd6 23.Rxd6 Bxd6 24.bxa6 Qxa6 25.Nb5 Be7 26.Rd1 Ra8 27.Rc1 Qc6 28.Bxf6 
Bxf6 29.Rd1 Qf3 30.Rd3 Qf5 31.Qd1 Qe4 32.Nd6 Qe5 33.f4 Qb2 34.Nb5 g6 35.g4
Kg7 36.f5 exf5 37.gxf5 g5 38.Rd7 Qe5 39.Qd5 Qe3+ 40.Kg2 Qe2+ 41.Kg1 
1/2-1/2

[Event "XIV American Continental"]
[Site "Sao Paulo BRA"]
[Date "2019.07.06"]
[Round "2.61"]
[White "Carvalho, Herbert Abreu"]
[Black "Dos Santos, Matheus Garcett Souza"]
[Result "1-0"]
[WhiteElo "2089"]
[BlackElo "1874"]
[EventDate "2019.07.05"]
[PlyCount "107"]
[EventRounds "11"]
[EventCountry "BRA"]

1.d4 Nf6 2.Nf3 g6 3.c4 Bg7 4.g3 O-O 5.Bg2 d6 6.Nc3 Nbd7 7.O-O e5 8.e4 c6 
9.h3 Qb6 10.d5 Nc5 11.Qe2 cxd5 12.cxd5 Bd7 13.Be3 Rfc8 14.Rfc1 a5 15.Ne1 
Qa6 16.Qd2 b5 17.f3 b4 18.Nd1 Bb5 19.Qf2 Nfd7 20.Bf1 f5 21.Bxb5 Qxb5 22.
exf5 gxf5 23.Qc2 Rf8 24.Qc4 Qb7 25.Bg5 Rac8 26.Be7 Ne4 27.Qe2 Rfe8 28.fxe4
Rxc1 29.Rxc1 Rxe7 30.Ne3 fxe4 31.Nf5 Nc5 32.Qg4 Rd7 33.Rd1 Kh8 34.Kh2 b3 
35.a3 Qc7 36.Ng2 Nd3 37.Rf1 Nxb2 38.Nxg7 Rf7 39.Ne6 Qe7 40.Rc1 Qe8 41.Ng5 
Rf8 42.Qxe4 Qg6 43.Qh4 h6 44.Ne6 Rg8 45.Rf1 Nc4 46.Rf6 Qxg3+ 47.Qxg3 Rxg3 
48.Kxg3 Nxa3 49.Rf8+ Kh7 50.Rb8 a4 51.Ne3 Nb1 52.Nc4 Nc3 53.Nc7 Nd1 54.Rb4
1-0

[Event "XIV American Continental"]
[Site "Sao Paulo BRA"]
[Date "2019.07.06"]
[Round "2.62"]
[White "Torres, Eduardo Lisboa"]
[Black "Adasme Fredes, Mauricio"]
[Result "0-1"]
[WhiteElo "1872"]
[BlackElo "2088"]
[EventDate "2019.07.05"]
[PlyCount "100"]
[EventRounds "11"]
[EventCountry "BRA"]

1.d4 d5 2.c4 c6 3.Nc3 Nf6 4.Nf3 e6 5.e3 Nbd7 6.Qc2 Bd6 7.g4 h6 8.Rg1 e5 9.
cxd5 cxd5 10.Nb5 Bb8 11.Bd2 e4 12.Rc1 Nb6 13.Ne5 O-O 14.Bb4 Re8 15.Nc7 
Bxc7 16.Qxc7 Qxc7 17.Rxc7 Be6 18.Kd2 Rab8 19.h4 Rec8 20.Rxc8+ Rxc8 21.g5 
hxg5 22.hxg5 Nfd7 23.Nxd7 Bxd7 24.b3 Bf5 25.a4 a6 26.Be2 Nd7 27.Rc1 Rxc1 
28.Kxc1 Nb8 29.f4 exf3 30.Bxf3 Be6 31.Kb2 Nc6 32.Bc5 g6 33.Kc3 Kg7 34.e4 
dxe4 35.Bxe4 Bf5 36.Bxf5 gxf5 37.d5 Nb8 38.Kc4 Nd7 39.Be3 Kg6 40.b4 Kh5 
41.b5 axb5+ 42.Kxb5 Kg4 43.a5 f4 44.Ba7 Kf5 45.a6 bxa6+ 46.Kxa6 Ke5 47.Kb7
Kxd5 48.Bg1 Ne5 49.Bh2 Ke4 50.Kc7 Nf3 0-1

[Event "XIV American Continental"]
[Site "Sao Paulo BRA"]
[Date "2019.07.06"]
[Round "2.63"]
[White "Caceres, Diego"]
[Black "De Freitas, Jose Renato Silva"]
[Result "1-0"]
[WhiteElo "2087"]
[BlackElo "1873"]
[EventDate "2019.07.05"]
[PlyCount "57"]
[EventRounds "11"]
[EventCountry "BRA"]

1.d4 Nf6 2.c4 g6 3.Nc3 d5 4.cxd5 Nxd5 5.e4 Nxc3 6.bxc3 c5 7.Nf3 Bg7 8.Rb1 
O-O 9.Be2 Nc6 10.d5 Ne5 11.Nxe5 Bxe5 12.Qd2 Qa5 13.Rb3 Bd7 14.O-O c4 15.
Rxb7 Bxc3 16.Qf4 Rfd8 17.Bxc4 Rac8 18.d6 e6 19.Bb5 Rb8 20.Rxd7 Rxd7 21.
Bxd7 Be5 22.Qd2 Bc3 23.Qd3 Rd8 24.Bb5 Be5 25.d7 Qxa2 26.Bg5 f6 27.Bc4 Rxd7
28.Qxd7 Qxc4 29.Bh6 1-0

[Event "XIV American Continental"]
[Site "Sao Paulo BRA"]
[Date "2019.07.06"]
[Round "2.64"]
[White "Frattini, Beatriz Maria"]
[Black "Caceres Vasquez, Sergio"]
[Result "1/2-1/2"]
[WhiteElo "1858"]
[BlackElo "2081"]
[EventDate "2019.07.05"]
[PlyCount "104"]
[EventRounds "11"]
[EventCountry "BRA"]

1.e4 c6 2.d4 d5 3.e5 c5 4.c3 Nc6 5.Nf3 cxd4 6.cxd4 Bg4 7.Bb5 Bxf3 8.Qxf3 
e6 9.O-O Ne7 10.Qd3 a6 11.Bxc6+ Nxc6 12.Be3 Be7 13.Nc3 O-O 14.Rac1 Rc8 15.
f4 f5 16.exf6 Bxf6 17.f5 exf5 18.Rxf5 Ne7 19.Rh5 g6 20.Rh3 Nf5 21.Rf1 Nxe3
22.Rxe3 Qd7 23.Ref3 Bg7 24.Rxf8+ Rxf8 25.Rxf8+ Kxf8 26.Kf2 Qg4 27.Ne2 Kg8 
28.h3 Qh4+ 29.Kg1 Qe1+ 30.Kh2 Qf2 31.Qf3 Qxf3 32.gxf3 Kf7 33.Kg3 Ke6 34.
Kg4 Bh6 35.f4 Bg7 36.Kg5 Kf7 37.f5 h6+ 38.Kf4 g5+ 39.Kg4 Bf6 40.b3 Kg7 41.
Kh5 Kh7 42.Nc3 Bxd4 43.Nxd5 Kg7 44.a4 Be5 45.Ne3 Kf6 46.Ng4+ Kxf5 47.Nxe5 
Kxe5 48.Kxh6 Kf5 49.a5 Kf6 50.Kh5 Kf5 51.Kh6 Kf6 52.Kh5 Kf5 1/2-1/2

[Event "XIV American Continental"]
[Site "Sao Paulo BRA"]
[Date "2019.07.06"]
[Round "2.65"]
[White "Araujo, Jose Roberto"]
[Black "Andrade, Guilherme Alves de Souza"]
[Result "1/2-1/2"]
[WhiteElo "2079"]
[BlackElo "1867"]
[EventDate "2019.07.05"]
[PlyCount "154"]
[EventRounds "11"]
[EventCountry "BRA"]

1.e4 c6 2.Nc3 d5 3.Nf3 Bg4 4.h3 Bxf3 5.Qxf3 Nf6 6.d4 dxe4 7.Qe3 Nbd7 8.
Nxe4 Nxe4 9.Qxe4 e6 10.g3 Nf6 11.Qd3 Qd5 12.Rg1 Qe4+ 13.Qxe4 Nxe4 14.Bg2 
Nd6 15.Bf4 a5 16.O-O-O Be7 17.Rge1 Kd7 18.Kb1 Rhd8 19.Be5 g6 20.Bf1 b5 21.
c3 a4 22.Kc2 Nc4 23.Bf4 Bf6 24.a3 Be7 25.h4 h5 26.Bg5 Bxg5 27.hxg5 Nb6 28.
Re4 Ke7 29.Rh4 Nc4 30.Bg2 Kd7 31.Be4 Nd6 32.Bd3 Kc7 33.Re1 Nf5 34.Bxf5 
exf5 35.f4 Re8 36.Rhh1 Re4 37.Rxe4 fxe4 38.Re1 Re8 39.b3 axb3+ 40.Kxb3 Kb6
41.Re3 Re7 42.c4 Re8 43.Kb4 Re7 44.c5+ Ka6 45.a4 bxa4 46.Kxa4 Kb7 47.Kb4 
Re8 48.Kc4 Re7 49.d5 cxd5+ 50.Kxd5 Rd7+ 51.Kxe4 Kc6 52.Rc3 Rd5 53.Rc1 Rf5 
54.Rc2 Rd5 55.Rc4 Rf5 56.Kd4 f6 57.gxf6 Rxf6 58.Ke5 Rf5+ 59.Ke6 Rf8 60.Ke7
Rf5 61.Ra4 Rxc5 62.Ra6+ Kd5 63.Rxg6 Ke4 64.Kf6 Rf5+ 65.Ke6 h4 66.gxh4 Kxf4
67.Rh6 Ra5 68.Kf6 Ra6+ 69.Kg7 Ra7+ 70.Kg6 Ra6+ 71.Kh7 Ra7+ 72.Kg8 Ra8+ 73.
Kf7 Ra7+ 74.Ke8 Ra8+ 75.Kd7 Ra7+ 76.Kc8 Kg4 77.Kb8 Ra5 1/2-1/2

[Event "XIV American Continental"]
[Site "Sao Paulo BRA"]
[Date "2019.07.06"]
[Round "2.66"]
[White "Pascheto, Ademir Heleno"]
[Black "Takano, Nicholas Ryo"]
[Result "0-1"]
[WhiteElo "1827"]
[BlackElo "2077"]
[EventDate "2019.07.05"]
[PlyCount "82"]
[EventRounds "11"]
[EventCountry "BRA"]

1.d4 Nf6 2.c4 g6 3.Nc3 Bg7 4.e4 d6 5.h3 O-O 6.Nf3 Nbd7 7.Be2 e5 8.Be3 c6 
9.O-O Qe7 10.dxe5 dxe5 11.Qc2 a5 12.Nd2 Nc5 13.Nb3 Ne6 14.a4 Nd7 15.Rad1 
Ndc5 16.f3 Nxb3 17.Qxb3 Nd4 18.Bxd4 exd4 19.Na2 Be6 20.Qc2 Qc5 21.Kh1 b5 
22.b3 Rab8 23.Rb1 Rfd8 24.Bd3 bxa4 25.bxa4 Be5 26.Qd2 Bc7 27.f4 f6 28.Qc1 
g5 29.e5 gxf4 30.exf6 Qe5 31.Rf3 Bf5 32.Qc2 Rxb1+ 33.Qxb1 Rb8 34.Qc2 Bxd3 
35.Qxd3 Qxf6 36.Nc1 Qg6 37.Nb3 Qxd3 38.Rxd3 Rb4 39.Nxd4 Rb8 40.Kh2 f3+ 41.
g3 f2 0-1

[Event "XIV American Continental"]
[Site "Sao Paulo BRA"]
[Date "2019.07.06"]
[Round "2.67"]
[White "Cordero Loup, Ely Daniela"]
[Black "Ferreira, Jose Carlos"]
[Result "1-0"]
[WhiteElo "2076"]
[BlackElo "1835"]
[EventDate "2019.07.05"]
[PlyCount "51"]
[EventRounds "11"]
[EventCountry "BRA"]

1.d4 d5 2.Nf3 e6 3.c4 Nf6 4.g3 dxc4 5.Qa4+ Nc6 6.Qxc4 Bd7 7.Bg2 Rb8 8.O-O 
Bd6 9.Nc3 a6 10.a4 Nb4 11.e4 b5 12.Qe2 Be7 13.axb5 axb5 14.Rd1 O-O 15.d5 
exd5 16.e5 Ne8 17.Nxd5 Nxd5 18.Rxd5 c6 19.Rd1 Qc8 20.Bf4 Qc7 21.e6 fxe6 
22.Nd4 Rxf4 23.gxf4 Bf6 24.Nxc6 Rb6 25.Ne5 Bc8 26.Rac1 1-0

[Event "XIV American Continental"]
[Site "Sao Paulo BRA"]
[Date "2019.07.06"]
[Round "2.68"]
[White "Lo Kim Lin, Frank"]
[Black "Almeida Junior, Alvaro Alves de"]
[Result "0-1"]
[WhiteElo "1823"]
[BlackElo "2076"]
[EventDate "2019.07.05"]
[PlyCount "73"]
[EventRounds "11"]
[EventCountry "BRA"]

1.e4 c5 2.Nf3 d6 3.d4 cxd4 4.Nxd4 Nf6 5.Nc3 a6 6.Be2 e5 7.Nb3 Be7 8.Be3 
Be6 9.O-O O-O 10.f4 exf4 11.Bxf4 Nc6 12.Qe1 b5 13.a3 Bxb3 14.cxb3 Nd4 15.
Bd1 Ne6 16.Be3 Nc5 17.Bc2 Ng4 18.Bd4 Ne6 19.Be3 Nxe3 20.Qxe3 Bf6 21.Rad1 
Be5 22.g3 Rc8 23.Rd2 Bf6 24.h4 Be5 25.Rf5 Qc7 26.Nd5 Qc5 27.Bd1 Qxe3+ 28.
Nxe3 Bxg3 29.Nd5 Bxh4 30.Rh2 Bg5 31.Rg2 h6 32.Bg4 Rc1+ 33.Kh2 Re1 34.Be2 
Nd4 35.Rff2 Nxe2 36.Rxe2 Rxe2 37.Rxe2 0-1

[Event "XIV American Continental"]
[Site "Sao Paulo BRA"]
[Date "2019.07.06"]
[Round "2.69"]
[White "Pereira, Geanfrancesco"]
[Black "Melo, Igor de Souza"]
[Result "1-0"]
[WhiteElo "2068"]
[BlackElo "1825"]
[EventDate "2019.07.05"]
[PlyCount "89"]
[EventRounds "11"]
[EventCountry "BRA"]

1.c4 Nf6 2.Nc3 e6 3.e4 d5 4.e5 d4 5.exf6 dxc3 6.bxc3 Qxf6 7.Nf3 b6 8.d4 h6
9.g3 Bb7 10.Bg2 Bd6 11.O-O O-O 12.Rb1 c5 13.a4 Nc6 14.Be3 Rfd8 15.Nd2 Qe7 
16.Qg4 f5 17.Qe2 cxd4 18.cxd4 Rab8 19.Nb3 Bb4 20.d5 Na5 21.Nxa5 Bxa5 22.
Bf4 Rbc8 23.d6 Qd7 24.Bxb7 Qxb7 25.Qxe6+ Kh8 26.Be5 Qd7 27.Qxh6+ Kg8 28.
Qf4 Qxa4 29.Qxf5 Qd7 30.Qd3 Qe6 31.Qe3 Rxc4 32.Qg5 Qd7 33.Rfc1 Rg4 34.Qe3 
Qf5 35.f3 Rg6 36.f4 Re6 37.Qb3 Kh8 38.Qb2 Rg6 39.Rc7 Rd7 40.Rbc1 Rxc7 41.
dxc7 Qc8 42.Rd1 Qh3 43.Rd8+ Kh7 44.Qb3 Rh6 45.Qc2+ 1-0

[Event "XIV American Continental"]
[Site "Sao Paulo BRA"]
[Date "2019.07.06"]
[Round "2.71"]
[White "Ermel, Francisco Roberto"]
[Black "Dos Santos, Fabio Alexandre"]
[Result "1-0"]
[WhiteElo "2064"]
[BlackElo "1821"]
[EventDate "2019.07.05"]
[PlyCount "65"]
[EventRounds "11"]
[EventCountry "BRA"]

1.e4 c5 2.Nf3 d6 3.d4 cxd4 4.Nxd4 Nf6 5.Nc3 a6 6.Be3 e6 7.Be2 Qc7 8.Qd2 b5
9.a3 Bb7 10.f3 Nbd7 11.O-O-O Rc8 12.g4 h6 13.h4 Ne5 14.g5 Nh5 15.Rhg1 hxg5
16.hxg5 g6 17.Kb1 Nc4 18.Bxc4 Qxc4 19.Nde2 a5 20.Bd4 e5 21.Bxe5 Rg8 22.b3 
Qc5 23.Bxd6 Bxd6 24.Qxd6 Qxd6 25.Rxd6 b4 26.axb4 axb4 27.Na2 Ke7 28.Rgd1 
Rc7 29.Nxb4 Ra8 30.Kb2 Ng7 31.Nf4 Ra7 32.Rb6 Rc5 33.Ra1 1-0

[Event "XIV American Continental"]
[Site "Sao Paulo BRA"]
[Date "2019.07.06"]
[Round "2.72"]
[White "De Freitas, Julio Eimard"]
[Black "Mariani, Daniel Brandao"]
[Result "0-1"]
[WhiteElo "1799"]
[BlackElo "2062"]
[EventDate "2019.07.05"]
[PlyCount "56"]
[EventRounds "11"]
[EventCountry "BRA"]

1.d4 d5 2.Nf3 Nf6 3.c4 e6 4.Nc3 c5 5.cxd5 exd5 6.Bg5 Nc6 7.e3 Be6 8.Ne5 
Bd6 9.Bb5 Rc8 10.O-O O-O 11.f4 cxd4 12.Bxc6 bxc6 13.exd4 c5 14.f5 cxd4 15.
Ng4 dxc3 16.Nxf6+ gxf6 17.Bh6 Kh8 18.fxe6 fxe6 19.bxc3 Rg8 20.Rf3 Rg6 21.
Rh3 Qb6+ 22.Kh1 Qb2 23.Bd2 Bf4 24.Rb1 Qxd2 25.Rxh7+ Kxh7 26.Qh5+ Kg7 27.g3
Rxc3 28.Rb7+ Bc7 0-1

[Event "XIV American Continental"]
[Site "Sao Paulo BRA"]
[Date "2019.07.06"]
[Round "2.73"]
[White "Markzon, Gregory"]
[Black "Pereira Vera, Henry Alberto"]
[Result "1-0"]
[WhiteElo "2059"]
[BlackElo "1790"]
[EventDate "2019.07.05"]
[PlyCount "65"]
[EventRounds "11"]
[EventCountry "BRA"]

1.d4 Nf6 2.c4 e6 3.Nc3 Bb4 4.e3 b6 5.Bd3 Bb7 6.Nf3 O-O 7.O-O d5 8.a3 Bxc3 
9.bxc3 Ne4 10.cxd5 exd5 11.Qc2 Nd7 12.Nd2 f5 13.f3 Nd6 14.a4 Qg5 15.e4 
fxe4 16.Nxe4 Qh5 17.Nxd6 cxd6 18.Ba3 Qh6 19.Rae1 Rae8 20.Bf5 Nb8 21.Bc1 
Qh5 22.Be6+ Kh8 23.Bg4 Qf7 24.Re3 Rxe3 25.Bxe3 Nc6 26.Bf2 Na5 27.Bg3 Nc4 
28.Re1 Re8 29.Rxe8+ Qxe8 30.f4 Bc6 31.Qf5 Ne3 32.Qh5 Nc4 33.Qf5 1-0

[Event "XIV American Continental"]
[Site "Sao Paulo BRA"]
[Date "2019.07.06"]
[Round "2.74"]
[White "Dias, Joao Pedro da Cunha"]
[Black "Moreira, Ronaldo Alonso"]
[Result "0-1"]
[WhiteElo "1779"]
[BlackElo "2058"]
[EventDate "2019.07.05"]
[PlyCount "72"]
[EventRounds "11"]
[EventCountry "BRA"]

1.e4 d6 2.d4 Nf6 3.Nc3 Nbd7 4.Bc4 e5 5.Nf3 Be7 6.O-O c6 7.a4 O-O 8.h3 b6 
9.dxe5 dxe5 10.Qe2 a6 11.Bg5 Bb7 12.Bxf6 Bxf6 13.Rfd1 Qe7 14.Qe3 b5 15.
axb5 axb5 16.Bb3 Nc5 17.Ne2 g6 18.h4 Kg7 19.h5 h6 20.Rxa8 Rxa8 21.hxg6 
fxg6 22.g3 Bc8 23.Kg2 Bg4 24.Rh1 Bxf3+ 25.Qxf3 Bg5 26.Qc3 Rd8 27.Ba2 Rd2 
28.Re1 Qd6 29.Qf3 Qf6 30.b4 Qxf3+ 31.Kxf3 Na6 32.Rb1 Rxc2 33.Be6 Be7 34.
Ra1 Nxb4 35.Ra7 Kf6 36.Bb3 Rd2 0-1

[Event "XIV American Continental"]
[Site "Sao Paulo BRA"]
[Date "2019.07.06"]
[Round "2.75"]
[White "Santos Filho, Tadeu Sousa"]
[Black "Borensztajn, David"]
[Result "1-0"]
[WhiteElo "2057"]
[BlackElo "1777"]
[EventDate "2019.07.05"]
[PlyCount "117"]
[EventRounds "11"]
[EventCountry "BRA"]

1.e4 c5 2.Nc3 Nc6 3.Bb5 Nd4 4.Bc4 d6 5.Nge2 Nf6 6.d3 g6 7.Nxd4 cxd4 8.Ne2 
Qb6 9.O-O Bg7 10.h3 O-O 11.Kh1 Bd7 12.Bb3 Rac8 13.f4 Qc5 14.Ng3 Kh8 15.Rf2
Bh6 16.f5 Bxc1 17.Qxc1 Qe5 18.Qf4 g5 19.Qf3 Bc6 20.Nh5 Nxh5 21.Qxh5 f6 22.
Bf7 Rxf7 23.Qxf7 d5 24.Qe6 Qxe6 25.fxe6 dxe4 26.dxe4 Bxe4 27.Rd1 d3 28.
cxd3 Bd5 29.Re2 Kg7 30.Kg1 a6 31.b3 Rc6 32.Rde1 Rc3 33.Re3 Rc2 34.R1e2 Rc3
35.Kf2 Bc6 36.Ke1 Bd5 37.Kd2 Rc6 38.g3 h5 39.Re1 Rd6 40.Kc3 Rb6 41.R3e2 
Rb5 42.Rf2 Rb6 43.Rfe2 Kg6 44.Kd4 Rd6 45.Kc5 Bc6 46.Rf2 Kg7 47.a4 Rd5+ 48.
Kc4 Rd6 49.Rf5 Kg6 50.g4 h4 51.d4 b5+ 52.axb5 Bxb5+ 53.Kc5 Rc6+ 54.Kb4 Rd6
55.d5 Kg7 56.Kc5 Be8 57.Rf2 Bb5 58.Rc1 Kf8 59.Rxf6+ 1-0

[Event "XIV American Continental"]
[Site "Sao Paulo BRA"]
[Date "2019.07.06"]
[Round "2.76"]
[White "Lage, Pedro Ferreira"]
[Black "Minelli, Fausto"]
[Result "1-0"]
[WhiteElo "2050"]
[BlackElo "1760"]
[EventDate "2019.07.05"]
[PlyCount "45"]
[EventRounds "11"]
[EventCountry "BRA"]

1.Nf3 Nf6 2.c4 c5 3.Nc3 Nc6 4.d4 cxd4 5.Nxd4 g6 6.g3 Bg7 7.Bg2 O-O 8.c5 
Nxd4 9.Qxd4 Ne8 10.Qb4 Nc7 11.O-O Na6 12.Qa3 Bxc3 13.Qxc3 f6 14.Rd1 Qc7 
15.b4 Rb8 16.Bf4 e5 17.Bh6 Re8 18.Qb3+ Re6 19.Bd5 b6 20.cxb6 Rxb6 21.Rac1 
Qb8 22.Bxe6+ Rxe6 23.Qc4 1-0

[Event "XIV American Continental"]
[Site "Sao Paulo BRA"]
[Date "2019.07.06"]
[Round "2.77"]
[White "Jenidarchiche, Douglas Rodrigo"]
[Black "Torella, Rodolfo"]
[Result "0-1"]
[WhiteElo "1754"]
[BlackElo "2047"]
[EventDate "2019.07.05"]
[PlyCount "120"]
[EventRounds "11"]
[EventCountry "BRA"]

1.d4 d5 2.c4 c6 3.cxd5 cxd5 4.Nc3 Nf6 5.Bf4 Nc6 6.e3 a6 7.Rc1 Bf5 8.Qb3 
Na5 9.Qa4+ b5 10.Qd1 Rc8 11.Bxb5+ axb5 12.Nxb5 Nc4 13.Qa4 Bd7 14.b3 Nd6 
15.Bxd6 Rxc1+ 16.Kd2 Qc8 17.Bc5 Rxc5 18.dxc5 Ne4+ 19.Ke1 Qxc5 20.Qa8+ Qc8 
21.Qxc8+ Bxc8 22.Nc7+ Kd8 23.Nxd5 e6 24.Nf4 Bb4+ 25.Kf1 Ba6+ 26.Nge2 g5 
27.Nh3 Nc3 28.Ng1 Ke7 29.a3 Rd8 30.f3 Rd1+ 31.Kf2 Nxe2 32.axb4 Nc1 33.g4 
Nxb3 34.h4 h6 35.hxg5 hxg5 36.Rh5 f6 37.Rh7+ Kf8 38.Ra7 Bc4 39.Rc7 Rc1 40.
Nh3 Rc2+ 41.Kg3 Na1 42.e4 Bf1 43.Rxc2 Nxc2 44.b5 Ke7 45.e5 Bxh3 46.b6 Nd4 
47.b7 Nc6 48.exf6+ Kxf6 49.Kxh3 Ke5 50.Kg3 Nb8 51.f4+ gxf4+ 52.Kf3 Nc6 53.
g5 Kf5 54.g6 Kxg6 55.Kxf4 Kf6 56.Ke4 Ke7 57.Kf4 Kd7 58.Kg5 Kc7 59.Kf6 e5 
60.b8=Q+ Kxb8 0-1

[Event "XIV American Continental"]
[Site "Sao Paulo BRA"]
[Date "2019.07.06"]
[Round "2.78"]
[White "De Arruda Filho, Nivaldo Jesus"]
[Black "Arruda Filho, Ivo Pereira de"]
[Result "1-0"]
[WhiteElo "2045"]
[BlackElo "1744"]
[EventDate "2019.07.05"]
[PlyCount "78"]
[EventRounds "11"]
[EventCountry "BRA"]

1.c4 Nf6 2.Nf3 d6 3.g3 g6 4.Bg2 Bg7 5.O-O O-O 6.Nc3 e5 7.d3 Nc6 8.Rb1 a5 
9.a3 Bg4 10.b4 axb4 11.axb4 Qc8 12.Bg5 Re8 13.Qd2 Bh3 14.Bxh3 Qxh3 15.Bxf6
Bxf6 16.Nd5 Bg7 17.Nxc7 Bh6 18.Qc3 Rac8 19.Nxe8 Rxe8 20.Ra1 e4 21.dxe4 Bg7
22.e5 Nxe5 23.Nxe5 Bxe5 24.Qe3 Re6 25.Rad1 h5 26.f4 Bg7 27.Qf3 Qg4 28.Qd3 
h4 29.Qf3 Qh3 30.f5 hxg3 31.Qxg3 Qxg3+ 32.hxg3 Re4 33.fxg6 fxg6 34.Rxd6 
Rxc4 35.Rd8+ Kh7 36.Rd7 Kh6 37.Rxb7 Be5 38.Kg2 g5 39.Re1 Rc6 1-0